[Event "SVK-ch op-A"]
[Site "Banska Stiavnica"]
[Date "2007.07.14"]
[Round "8.39"]
[White "Hrivnak, Martin"]
[Black "Kolar, Tomas"]
[Result "1/2-1/2"]
[WhiteElo "2206"]
[BlackElo "2046"]
[PlyCount "74"]
[EventDate "2007.07.07"]
[EventType "swiss"]
[EventRounds "9"]
[EventCountry "SVK"]
[SourceTitle "EXT 2010"]
[Source "ChessBase"]
[SourceDate "2010.11.25"]
[SourceVersion "1"]
[SourceVersionDate "2010.11.25"]
[SourceQuality "1"]

1. e4 c5 2. Nc3 d6 3. Bc4 Nf6 4. d3 Nc6 5. Bg5 e6 6. Nge2 Be7 7. 0-0 0-0 8. f4 a6 9. a3 b5 10. Ba2 b4 11. axb4 cxb4 12. Na4 Bb7 13. f5 exf5 14. Ng3 Ng4 15. Bxe7 Nxe7 16. Qe2 Nf6 17. Nxf5 Nxf5 18. Rxf5 Bc8 19. Rff1 Re8 20. Qf2 Be6 21. Bxe6 Rxe6 22. Nb6 Ra7 23. Nd5 Qd7 24. Nxb4 Ng4 25. Qd4 Ne5 26. Nd5 h6 27. Rf5 Rg6 28. Raf1 Re6 29. c4 Rb7 30. b4 Nc6 31. Qf2 f6 32. b5 axb5 33. cxb5 Rxb5 34. Qg3 Nd4 35. R5f2 Rxd5 36. exd5 Ne2+ 37. Rxe2 Rxe2 1/2-1/2

[Event "SVK-ch op-A"]
[Site "Banska Stiavnica"]
[Date "2007.07.07"]
[Round "1.47"]
[White "Pallag, Gergely"]
[Black "Hrivnak, Martin"]
[Result "0-1"]
[WhiteElo "1952"]
[BlackElo "2206"]
[PlyCount "64"]
[EventDate "2007.07.07"]
[EventType "swiss"]
[EventRounds "9"]
[EventCountry "SVK"]
[SourceTitle "EXT 2010"]
[Source "ChessBase"]
[SourceDate "2010.11.25"]
[SourceVersion "1"]
[SourceVersionDate "2010.11.25"]
[SourceQuality "1"]

1. d4 Nf6 2. c4 g6 3. Nc3 Bg7 4. e4 d6 5. Nf3 0-0 6. Be2 Nc6 7. 0-0 e5 8. d5 Ne7 9. Ne1 Ne8 10. f3 f5 11. Be3 f4 12. Bf2 g5 13. a4 Rf6 14. a5 Rh6 15. Nd3 Nf6 16. c5 Qe8 17. g4 fxg3 18. Bxg3 Nh5 19. Qe1 Ng6 20. Qf2 Ngf4 21. Kh1 Bh3 22. Rg1 Nxe2 23. Qxe2 Qf7 24. b4 Rf8 25. Ne1 Nf4 26. Qd1 Qh5 27. Nb5 g4 28. Nxc7 gxf3 29. Qxf3 Bg4 30. Qe3 Nh3 31. Nb5 Nf2+ 32. Qxf2 Rxf2 0-1

[Event "SVK-chT1E 0607"]
[Site "Slovakia"]
[Date "2007.01.14"]
[Round "7.2"]
[White "Jurcisin, Imrich"]
[Black "Hrivnak, Martin"]
[Result "1-0"]
[WhiteElo "2139"]
[BlackElo "2219"]
[PlyCount "120"]
[EventDate "2006.10.07"]
[EventType "team-tourn"]
[EventRounds "11"]
[EventCountry "SVK"]
[SourceTitle "EXT 2008"]
[Source "ChessBase"]
[SourceDate "2007.11.25"]
[SourceVersion "1"]
[SourceVersionDate "2007.11.25"]
[SourceQuality "1"]
[WhiteTeam "Kosice sachy.sk	 II"]
[BlackTeam "Kosice Slavia UPJS"]
[WhiteTeamCountry "SVK"]
[BlackTeamCountry "SVK"]

1. e4 d6 2. d4 Nf6 3. Nc3 e5 4. Nf3 Nbd7 5. Bc4 Be7 6. Bg5 c6 7. a4 h6 8. Bh4 0-0 9. 0-0 Nh5 10. Bxe7 Qxe7 11. Qd2 Ndf6 12. Rad1 Bg4 13. Qe3 Nh7 14. h3 Bc8 15. Kh2 Nf4 16. Ne2 g5 17. Nxf4 exf4 18. Qd3 h5 19. g3 Qd7 20. Ng1 Kh8 21. gxf4 Rg8 22. Qf3 g4 23. Qe3 h4 24. hxg4 Rxg4 25. Be2 Rg7 26. Rd3 Qe7 27. Nh3 Nf6 28. Ng5 Bg4 29. Rg1 Bxe2 30. Qxe2 Rag8 31. Rh3 Nh7 32. Rxh4 f6 33. Nxh7 Rxh7 34. Rxg8+ Kxg8 35. Qg4+ Rg7 36. Qf5 Qf7 37. d5 Qd7 38. Qxd7 Rxd7 39. c4 Re7 40. f5 a6 41. Kg3 b5 42. axb5 axb5 43. b3 Ra7 44. Kg4 bxc4 45. bxc4 Ra4 46. Kh5 Kf7 47. e5 dxe5 48. Re4 Ra2 49. f4 Rg2 50. fxe5 fxe5 51. Rg4 Rf2 52. Kg5 Rf1 53. f6 Rxf6 54. Re4 Rf1 55. Rxe5 Rg1+ 56. Kf4 Rf1+ 57. Kg3 Rg1+ 58. Kf3 Kf6 59. Re6+ Kf5 60. Rxc6 Ra1 1-0